Utah Jazz All-Time Starters - Statistics

General Stats
  • This quiz has been taken 37 times
  • The average score is 5 of 7
Answer Stats
Hint Answer % Correct
PG John Stockton
97%
PF Karl Malone
97%
C Mark Eaton
70%
SG Pete Maravich
64%
SF Adrian Dantley
61%
6th man Andrei Kirilenko
48%
Coach Jerry Sloan
45%
No matching quizzes found
Score Distribution
Percent of People with Each Score
Percentile by Number Answered
Your Score History
You have not taken this quiz